00952nam a22002655a 450000500170000000800410001702000180005804000280007608200190010410000230012324500560014626000510020230000350025350000250028850400410031359000380035465000310039265000300042365100100045365300250046370000180048894200080050699900170051495201550053120161116112522.0161114s2014 nyua frb 001 0 eng d a9780521764513 aEG-ScBUEbengcEG-ScBUE04a006.7bFRI2221 aFriedland, Gerald.10aMultimedia computing /cGerald Friedl, Ramesh Jain. aNew York :bCambridge University Press,c2014. axiii, 330 p. :bill. ;c26 cm. aIndex : p. 317-330.  aIncludes bibliographical references. aSuzan Ashmawy ; revised by Fouad. 7aMultimedia systems.2BUEsh 7aComputer Graphics.2BUEsh 2BUEsh bCOMSCIcNovember20161 aJain, Ramesh. 2ddc c23107d23079 00102ddc40708AlahramaMAINbMAINcLOWd2016-11-14ePurchaseg650.00h113l1m13o006.7 FRIp000045086r2025-07-15 00:00:00s2017-10-08v812.50yBB